Aplikácia marketingu v reštauračných zariadeniach ako nástroj zvyšovania ich konkurencieschopnosti v podmienkach globalizácie bakalárska práca

Uložené v:
Podrobná bibliografia
Hlavný autor: Tichá, Miriam
Korporativný autor: Obchodná fakulta EU. Katedra tovaroznalectva a kvality tovaru
Ďalší autori: Gondárová, Jana, 1983-
Médium: Kniha
Jazyk:Slovak
Vydavateľské údaje: Bratislava 2010
Tagy: Pridať tag
Žiadne tagy, Buďte prvý, kto otaguje tento záznam!

MARC

LEADER 00000nam$a2200000$$$4500
001 0135255
005 20240320074014.4
041 0 |a slo 
044 |a SK 
245 1 0 |a Aplikácia marketingu v reštauračných zariadeniach ako nástroj zvyšovania ich konkurencieschopnosti v podmienkach globalizácie  |b bakalárska práca  |c Miriam Tichá ; školiteľ: Jana Gondárová 
264 1 |a Bratislava  |c 2010 
300 |a 45 s. 
100 1 |a Tichá, Miriam 
700 1 |a Gondárová, Jana, 1983- 
710 2 |a Obchodná fakulta EU. Katedra tovaroznalectva a kvality tovaru